| 000 | 01363nam0a22002771 4500 | ||
|---|---|---|---|
| 001 | rc\4479548 | ||
| 005 | 20130416170343.4 | ||
| 021 |
_aRU _b[58-16928ж] |
||
| 035 | _a(NLR Aleph) 008601414 | ||
| 090 |
_a8706470 _c8706470 |
||
| 100 | _a20130416d1958 |||y0rusy50 ca | ||
| 101 | 0 | _arus | |
| 102 | _aRU | ||
| 105 | _aa z ||||| | ||
| 200 | 1 |
_aОпыт слесарей-ремонтников А.Ф. Лебедева и П.И. Шишанова по усовершенствованию конструкций токарных автоматов _e[Ленингр. аккумуляторный завод "Ленинская искра"] _fО-во по распространению полит. и науч. знаний РСФСР. Ленингр. дом науч.-техн. пропаганды |
|
| 210 |
_aЛенинград _cБ. и. _d1958 |
||
| 215 |
_a16 с. _cчерт. _d22 |
||
| 225 | 1 |
_aЛисток новатора _v№ 8 _iМодернизация и ремонт оборудования |
|
| 300 | _aПеред загл. авт.: инж. Г.П. Кузнецов | ||
| 606 |
_aТокарные станки-автоматы _xМодернизация _2psbo |
||
| 700 | 1 |
_aКузнецов _bГ. П. _gГерман Петрович |
|
| 801 | 0 |
_aRU _bNLR _gpsbo |
|
| 801 | 1 |
_aRU _bELAR _2rusmarc |
|
| 852 |
_aNLR _jП10/1439 |
||
| 942 | _cBOOK | ||
| 980 | _aNB | ||